<?xml version="1.0" encoding="UTF-8"?>
<record
    xmlns:xsi="http://www.w3.org/2001/XMLSchema-instance"
    xsi:schemaLocation="http://www.loc.gov/MARC21/slim http://www.loc.gov/standards/marcxml/schema/MARC21slim.xsd"
    xmlns="http://www.loc.gov/MARC21/slim">

  <leader>02666nam a2200325   4500</leader>
  <controlfield tag="001">ESSALUD</controlfield>
  <controlfield tag="005">20260702130049.0</controlfield>
  <controlfield tag="007">ta</controlfield>
  <controlfield tag="008">      t        pe ||||| |||| 00| 0 spa d</controlfield>
  <datafield tag="040" ind1=" " ind2=" ">
    <subfield code="a">BMG</subfield>
  </datafield>
  <datafield tag="041" ind1=" " ind2=" ">
    <subfield code="a">spa</subfield>
  </datafield>
  <datafield tag="100" ind1=" " ind2=" ">
    <subfield code="a">Morillo Villavicencio, Anal&#xED; </subfield>
    <subfield code="e">Autor</subfield>
    <subfield code="9">46439</subfield>
  </datafield>
  <datafield tag="245" ind1=" " ind2=" ">
    <subfield code="a">lmplicancias jur&#xED;dicas del despido efectuado durante el descanso m&#xE9;dico del trabajador</subfield>
  </datafield>
  <datafield tag="246" ind1=" " ind2=" ">
    <subfield code="a">Legal implications of a dismissal carried out during an employee's medical leave</subfield>
  </datafield>
  <datafield tag="300" ind1=" " ind2=" ">
    <subfield code="a">p&#xE1;ginas 84-98</subfield>
  </datafield>
  <datafield tag="520" ind1=" " ind2=" ">
    <subfield code="a">La protecci&#xF3;n de la dignidad y de los derechos fundamentales del trabajador
es una de las principales obligaciones que debe asumir el Estado, principalmente en el
marco de una relaci&#xF3;n jur&#xED;dica de tipo subordinada, a efectos de proteger al trabajador
del poder de direcci&#xF3;n del empleador cuando este sea ejercido de forma abusiva. En el
presente informe analizamos algunas de las principales resoluciones emitidas en torno
al despido de los trabajadores cuando estos se encuentran en uso del descanso m&#xE9;dico
por enfermedad, para lo que precisaremos la definici&#xF3;n del despido nulo y las caracter&#xED;sticas
del mismo, a efectos de determinar si el despido en dichos casos podr&#xED;a ser
considerado como un despido nulo por razones discriminatorias o por la vulneraci&#xF3;n
de la dignidad del trabajador. 
</subfield>
  </datafield>
  <datafield tag="520" ind1=" " ind2=" ">
    <subfield code="a">The protection of the worker's dignity and fundamental rights is one of the main obligations
that the State must assume, particularly within the framework of a subordinated legal relationship,
in order to protect the worker from the employer's managerial authority when it is exercised
abusively. This report analyzes some of the main decisions issued regarding the dismissal of workers
who are on medical leave due to illness. To this end, it clarifies the concept of null dismissal and its
characteristics, with the purpose of determining whether dismissal in such cases may be considered
null on discriminatory grounds or due to the violation of the worker's dignity.
</subfield>
  </datafield>
  <datafield tag="650" ind1=" " ind2=" ">
    <subfield code="a">DESPIDO NULO</subfield>
    <subfield code="9">53149</subfield>
  </datafield>
  <datafield tag="650" ind1=" " ind2=" ">
    <subfield code="a">TRABAJADOR INCAPACITADO</subfield>
    <subfield code="9">53159</subfield>
  </datafield>
  <datafield tag="650" ind1=" " ind2=" ">
    <subfield code="a">DESCANSO POR ENFERMEDAD</subfield>
    <subfield code="9">53160</subfield>
  </datafield>
  <datafield tag="650" ind1=" " ind2=" ">
    <subfield code="a">DIGNIDAD DEL TRABAJADOR</subfield>
    <subfield code="9">53161</subfield>
  </datafield>
  <datafield tag="650" ind1=" " ind2=" ">
    <subfield code="a">DERECHOS FUNDAMENTALES DEL TRABAJADOR</subfield>
    <subfield code="9">53162</subfield>
  </datafield>
  <datafield tag="650" ind1=" " ind2=" ">
    <subfield code="a">NULL DISMISSAL </subfield>
    <subfield code="9">53154</subfield>
  </datafield>
  <datafield tag="650" ind1=" " ind2=" ">
    <subfield code="a">INCAPACITATED WORKER </subfield>
    <subfield code="9">53163</subfield>
  </datafield>
  <datafield tag="650" ind1=" " ind2=" ">
    <subfield code="a">SICK LEAVE </subfield>
    <subfield code="9">53164</subfield>
  </datafield>
  <datafield tag="650" ind1=" " ind2=" ">
    <subfield code="a">WORKER'S DIGNITY </subfield>
    <subfield code="9">53165</subfield>
  </datafield>
  <datafield tag="650" ind1=" " ind2=" ">
    <subfield code="a">WORKER'S FUNDAMENTAL RIGHTS</subfield>
    <subfield code="9">53166</subfield>
  </datafield>
  <datafield tag="773" ind1="0" ind2=" ">
    <subfield code="0">22614</subfield>
    <subfield code="9">22623</subfield>
    <subfield code="d">Lima Grupo Praxis Formaci&#xF3;n Profesional, 2026-</subfield>
    <subfield code="o">PRALAB001</subfield>
    <subfield code="t">Praxis Laboral &amp; Procesal Laboral</subfield>
    <subfield code="w">ESSALUD</subfield>
    <subfield code="x">3119-768X</subfield>
  </datafield>
  <datafield tag="942" ind1=" " ind2=" ">
    <subfield code="c">ARTICULOS</subfield>
    <subfield code="e">2026-07-02</subfield>
    <subfield code="z">SQB</subfield>
  </datafield>
  <datafield tag="999" ind1=" " ind2=" ">
    <subfield code="c">22621</subfield>
    <subfield code="d">22621</subfield>
  </datafield>
</record>
